Most Populous Landlocked US States - Statistics

General Stats
  • This quiz has been taken 311 times
  • The average score is 3 of 10
Answer Stats
Rank Population Answer % Correct
1 6,931,071 Arizona
74%
4 5,540,545 Colorado
52%
2 6,651,194 Tennessee
46%
3 6,093,000 Missouri
37%
10 2,940,058 Nevada
31%
8 3,051,217 Utah
24%
5 4,436,974 Kentucky
23%
6 3,923,561 Oklahoma
21%
7 3,134,693 Iowa
13%
9 2,988,248 Arkansas
12%
No matching quizzes found
Score Distribution
Percent of People with Each Score
Percentile by Number Answered
Your Score History
You have not taken this quiz